000 003180000a22000970004500
100 1 _aLevoratti, Armando J.
245 1 0 _aSincronía y diacronía en la teoría lingüística de F. de Saussure (III Parte)
300 _aVol. 10, Num 2 (II Semestre, 2000), Páginas 3-16
773 0 _tTraducción de la Biblia
942 _cANA
999 _c52721
_d52721